MARC details
| 000 -LEADER |
| fixed length control field |
00942cam a2200277 a 4500 |
| 001 - CONTROL NUMBER |
| control field |
1599148 |
| 005 - DATE AND TIME OF LATEST TRANSACTION |
| control field |
20240214044758.0 |
| 008 - FIXED-LENGTH DATA ELEMENTS--GENERAL INFORMATION |
| fixed length control field |
941109s1995 nyu b 001 0 eng |
| 020 ## - INTERNATIONAL STANDARD BOOK NUMBER |
| ISBN |
0898628512 (acidfree paper) |
| 020 ## - INTERNATIONAL STANDARD BOOK NUMBER |
| ISBN |
1572301457 (pbk) |
| 040 ## - CATALOGING SOURCE (பட்டியலாக்க மூலம்) |
| Original cataloging agency |
DLC |
| Transcribing agency |
DLC |
| Modifying agency |
DLC |
| 082 00 - DDC Classification |
| Class No. |
320. |
| DDC Edition Number |
20 |
| Item Number - Author Mark |
STE. |
| 100 1# - MAIN ENTRY--PERSONAL NAME |
| Personal name |
Best, Steven. |
| 245 14 - TITLE STATEMENT |
| Title |
The politics of historical vision : |
| Remainder of title |
Marx, Foucault, Habermas / |
| Statement of responsibility, etc. |
Steven Best. |
| 260 ## - PUBLICATION, DISTRIBUTION, ETC. |
| Place of publication, distribution, etc. |
New York : |
| Name of publisher, distributor, etc. |
Guilford Press, |
| Date of publication, distribution, etc. |
1995. |
| 300 ## - PHYSICAL DESCRIPTION |
| Extent (e.g. Volumes, Pages etc.) |
xx, 294 p. ; |
| 490 1# - SERIES STATEMENT |
| Series statement |
Critical perspectives |
| 650 #0 - SUBJECT ADDED ENTRY--TOPICAL TERM |
| Topical term or geographic name entry element |
Postmodernism |
| 650 #0 - SUBJECT ADDED ENTRY--TOPICAL TERM |
| Topical term or geographic name entry element |
Political science |
| 650 #0 - SUBJECT ADDED ENTRY--TOPICAL TERM |
| Topical term or geographic name entry element |
History |
| 856 42 - ELECTRONIC LOCATION AND ACCESS |
| Uniform Resource Identifier |
<a href="http://www.loc.gov/catdir/bios/guilford051/94044894.html">http://www.loc.gov/catdir/bios/guilford051/94044894.html</a> |
| 856 42 - ELECTRONIC LOCATION AND ACCESS |
| Uniform Resource Identifier |
<a href="http://www.loc.gov/catdir/description/guilford051/94044894.html">http://www.loc.gov/catdir/description/guilford051/94044894.html</a> |
| 856 41 - ELECTRONIC LOCATION AND ACCESS |
| Uniform Resource Identifier |
<a href="http://www.loc.gov/catdir/toc/guilford041/94044894.html">http://www.loc.gov/catdir/toc/guilford041/94044894.html</a> |
| 856 41 - ELECTRONIC LOCATION AND ACCESS |
| Uniform Resource Identifier |
<a href="http://www.loc.gov/catdir/enhancements/fy0651/94044894-s.html">http://www.loc.gov/catdir/enhancements/fy0651/94044894-s.html</a> |
| 942 ## - Koha item type (Biblio) |
| Koha item type |
Books in Stacks (Lending) |